Electrical phenomena in gases / (Record no. 74534)
[ view plain ]
| 000 -LEADER | |
|---|---|
| fixed length control field | 00668nam a2200217 i 4500 |
| 001 - CONTROL NUMBER | |
| control field | 74534 |
| 003 - CONTROL NUMBER IDENTIFIER | |
| rucl marc code | BD-RjUL |
| 005 - DATE AND TIME OF LATEST TRANSACTION | |
| control field | 20211209082551.0 |
| 008 - FIXED-LENGTH DATA ELEMENTS--GENERAL INFORMATION | |
| fixed length control field | 181022s1932 n a|||| b||| 001 0 eng d |
| 035 ## - SYSTEM CONTROL NUMBER | |
| System control number | (BD-RjUL)74752 |
| 040 ## - CATALOGING SOURCE | |
| Original cataloging agency | BD-RjUL |
| Language of cataloging | eng |
| Transcribing agency | BD-RjUL |
| 041 ## - LANGUAGE CODE | |
| Language code of text/sound track or separate title | eng |
| 082 ## - DEWEY DECIMAL CLASSIFICATION NUMBER | |
| Edition number | 23 |
| Classification number | 537 |
| Author mark and year | DAE 1932 |
| 100 1# - MAIN ENTRY--PERSONAL NAME | |
| Personal name | Darrow, Karl K |
| 9 (RLIN) | 224034 |
| 245 10 - TITLE STATEMENT | |
| Title | Electrical phenomena in gases / |
| Statement of responsibility, etc. | Karl K Darrow |
| 264 ## - PRODUCTION, PUBLICATION, DISTRIBUTION, MANUFACTURE, AND COPYRIGHT NOTICE | |
| Place of production, publication, distribution, manufacture | Baltimore : |
| Name of producer, publisher, distributor, manufacturer | The Williams & Wilking , |
| Date of production, publication, distribution, manufacture, or copyright notice | 1932 |
| 300 ## - PHYSICAL DESCRIPTION | |
| Pagination | xvii, 492 pages : |
| Illustrations | illustrations, plates, diagrams ; |
| Size | 24 cm |
| 504 ## - BIBLIOGRAPHY, ETC. NOTE | |
| Bibliography, etc | Includes bibliographical Index |
| 650 ## - SUBJECT ADDED ENTRY--TOPICAL TERM | |
| Topical term or geographic name as entry element | Electric discharges through gases. |
| 9 (RLIN) | 224035 |
| 942 ## - ADDED ENTRY ELEMENTS (KOHA) | |
| Source of classification or shelving scheme | Dewey Decimal Classification |
| Koha item type | Books |
| Lost status | Source of classification or shelving scheme | Damaged status | Not for loan | Collection code | Permanent Location | Current Location | Shelving location | Date acquired | Source of acquisition | Total Checkouts | Full call number | Date last seen | Copy number | Koha item type |
|---|---|---|---|---|---|---|---|---|---|---|---|---|---|---|
| Dewey Decimal Classification | Not For Loan | Non-fiction | Central Library, University of Rajshahi | Central Library, University of Rajshahi | Reading Room | 25/03/1974 | B.N.B.C. | 537 DAE 1932 | 22/10/2018 | C-1 | Books |